Giáo trình kinh tế học đại cương
Trình bày những kiến thức cơ bản về kinh tế học vi mô và kinh tế học vĩ mô: khái niệm về kinh tế học và hoạt động kinh tế, cung, cầu và hành vi của người tiêu dùng, doanh nghiệp và hoạt động sản xuất kinh doanh của doanh nghiệp, tổng cầu và chính sách tài khoá, ngân hàng và chính sách tiền tệ thất n...
Đã lưu trong:
| 主要作者: | |
|---|---|
| 其他作者: | |
| 格式: | 图书 |
| 语言: | Vietnamese |
| 出版: |
H.
Đại học Sư phạm
2009
|
| 主题: | |
| 标签: |
添加标签
没有标签, 成为第一个标记此记录!
|
| Thư viện lưu trữ: | Mạng thư viện Đại học Đà Nẵng |
|---|
| LEADER | 01700aam a22003618a 4500 | ||
|---|---|---|---|
| 001 | 000016670 | ||
| 003 | 13073 | ||
| 005 | 20121203081217.0 | ||
| 008 | 121203s2009 viesd | ||
| 020 | |c 27000đ |d 1000b | ||
| 041 | 0 | |a vie | |
| 082 | 1 | 4 | |2 14 |a 330.071 |b VU-T |
| 100 | 1 | |a Vũ Hồng Tiến | |
| 245 | 1 | 0 | |a Giáo trình kinh tế học đại cương |c Vũ Hồng Tiến (ch.b.), Phạm Thị Hồng Điệp |
| 260 | |a H. |b Đại học Sư phạm |c 2009 | ||
| 300 | |a 152 tr. |c 24 cm. | ||
| 504 | |a Thư mục: tr. 151 | ||
| 520 | |a Trình bày những kiến thức cơ bản về kinh tế học vi mô và kinh tế học vĩ mô: khái niệm về kinh tế học và hoạt động kinh tế, cung, cầu và hành vi của người tiêu dùng, doanh nghiệp và hoạt động sản xuất kinh doanh của doanh nghiệp, tổng cầu và chính sách tài khoá, ngân hàng và chính sách tiền tệ thất nghiệp và lạm phát, kinh tế vĩ mô của nền kinh tế mở | ||
| 650 | 7 | |2 Bộ TK TVQG |a Kinh tế học vĩ mô | |
| 650 | 7 | |2 Bộ TK TVQG |a Kinh tế học vi mô | |
| 650 | 7 | |2 Bộ TK TVQG |a Kinh tế học | |
| 655 | 7 | |2 Bộ TK TVQG |a Giáo trình | |
| 700 | 1 | |a Phạm Thị Hồng Điệp | |
| OWN | |a LSP | ||
| AVA | |a UDN50 |b LSP |d 330.071 VU-T |e available |t Error 5001 Not defined in file expand_doc_bib_avail. |f 10 |g 0 |h N |i 0 |k 1 | ||
| 999 | |a From the UDN01 | ||
| AVA | |a UDN50 |b LSP |d 330.071 VU-T |e available |t Error 5001 Not defined in file expand_doc_bib_avail. |f 10 |g 0 |h N |i 0 |k 1 | ||
| TYP | |a Monograph | ||
| TYP | |a Printed language | ||
| 980 | |a Mạng thư viện Đại học Đà Nẵng | ||